000 00961nam a2200265Ia 4500
005 20250425162145.0
008 250425s9999 xx 000 0 und d
020 _a9588203007
041 _aspa
082 _a630
100 _aOSORIO DIAZ, DORIS LILIANA
245 0 _aVOLVAMOS AL CAMPO: SANIDAD ANIMAL EN PEQUEÑAS ESPECIES V.7
250 _a1A ED.
260 _aColombia
_bGRUPO LATINO
_c2003
260 _aS.L.
300 _a79
500 _aEN CIBGZ-FIMCP 50414 V.7 PARA ING. AGROPECUARIA.- MHP.
520 _aTRATA SOBRE LA SANIDAD ANIMAL EN PEQUEÑAS ESPECIES; LOS QUE ESTAN DEDICADOS AL TRABAJO DE LA EXPLOTACIÓN AGROPECUARIA, NO HACE FALTA LA PREOCUPACIÓN POR LOS ANIMALES QUE SOSTIENE. PENSANDO EN ESTO SE ELABORÓ ESTE MANUAL DE SENCILLA COMPRENSIÓN QUE SIRVA
650 _aENFERMEDADES INFECCIOSAS
650 _aENFERMEDADES PARASITARIAS
650 _aPATOLOGIA
650 _aSANIDAD ANIMAL
942 _c01
010 _a53663
999 _c223497
_d223497